000 01004nas a2200349 4500
001 BR2014005016
003 BR-BrBNA
005 20231205124347.0
007 ta
008 230509b bl.|||p| |||| 00| 00por d
040 _aBR-BrBNA
_bpor
_cBiblioteca Nacional de Agricultura
041 _a(Pt)
072 _aF04; Q02
100 1 _aPinnow, C.
100 1 _aBenin, G.
100 1 _aViola, R.
100 1 _aSilva, C.L. da
100 1 _aGutkoski, L.C.
100 1 _aCassol, L.C.
245 1 _aQualidade industrial do trigo em resposta à adubação verde e doses de nitrogênio
650 _aADUBO VERDE
650 _aTRIGO
650 _aNITROGÊNIO
650 _aGRÃO
650 _aRENDIMENTO
650 _aPANIFICAÇÃO
650 _aQUALIDADE
773 0 _tBragantia (Brazil)
_xISSN 1678-4499
_g(Jan-Mar 2013), v. 72(1) p. 20-28
_wBR2014005016
856 4 0 _uhttp://www.scielo.br/pdf/brag/v72n1/1653_13.pdf
909 _a202311
_bLúcia
_c55
_dLúcia Elande
942 _2AGRIS
_n0
_cANA
999 _c238669
_d238669